Statistiques concernant Gares les plus fréquentées en Occitanie

Cliquez ici pour prendre le quiz!

Statistiques générales

  • Ce quiz a été pris 456 fois
    (387 depuis la dernière actualisation)
  • Le résultat moyen est 9 sur 13

Statistiques - réponses

Voyageurs (2017)Gare% Correct
9,788,000Toulouse-Matabiau
99%
8,125,000Montpellier Saint-Roch
94%
3,862,000Nîmes
93%
1,588,000Perpignan
92%
1,275,000Narbonne
91%
1,406,000Béziers
86%
831,000Carcassonne
84%
1,103,000Montauban Ville Bourbon
80%
1,126,000Sète
76%
696,000Agde
56%
794,000Lunel
39%
817,000Muret
33%
1,105,000Saint-Agne
18%

Distribution des résultats

Percentile par nombre de réponses

% des personnes avec chaque résultat

Votre développement - résultats

Vous n’avez pas pris ce quiz depuis la dernière actualisation